000 00343nam a2200133Ia 4500
005 20260326235456.0
008 260326s9999||||xx |||||||||||||| ||und||
100 _aKlotz, Heinrich
245 0 _aNeue museumbauten = New museums /
_cHeinrich Klotz
260 _bGoethe Institut
300 _a140 p.
650 _aARQUITECTURA CIVIL
942 _cBK
999 _c7925
_d7925